| 000 | 00501nam a2200205Ia 4500 | ||
|---|---|---|---|
| 005 | 20240823021801.0 | ||
| 008 | 240823s9999||||xx |||||||||||||| ||und|| | ||
| 020 | _a81-309-0264-8 | ||
| 041 | _aENGLISH | ||
| 082 | _A620.11 P6 | ||
| 100 | _aUpadhyaya G S | ||
| 245 | 0 | _aMaterials Science and Engineering | |
| 250 | _a1st | ||
| 260 |
_c2006 _b"Viva,New " _aNew Delhi |
||
| 500 | _aTRANSFERED | ||
| 650 |
_aMaterials _bMechanical |
||
| 700 | _a Anish Upadhyaya | ||
| 942 | _cBK | ||
| 999 |
_c177732 _d177732 |
||